000 01276nam0a22003011 4500
001 rc\3966393
005 20130415121032.8
021 _aRU
_b[55-62781]
035 _a(NLR Aleph) 008053320
090 _a8955739
_c8955739
100 _a20130415d1955 |||y0rusy50 ca
101 0 _arus
102 _aRU
105 _aa b |||||
200 1 _aЛабораторный практикум по технологии силикатов
_e[Для техникумов]
_fПод ред. канд. техн. наук В.Л. Балкевича
210 _aМосква
_cПромстройиздат
_d1955
215 _a348 с.
_cил.
_d23
300 _aПеред загл. авт.: Л.А. Мануйлов, Г.И. Клюковский, А.А. Гезбург
606 _aСиликатное производство
_xЛабораторные работы
_2psbo
700 1 _aМануйлов
_bЛ. А.
_gЛев Александрович
701 1 _aГезбург
_bА. А.
_gАлександр Александрович
701 1 _aКлюковский
_bГ. И.
_gГеоргий Ипполитович
702 1 _aБалкевич
_bВ. Л.
_4340
801 0 _aRU
_bNLR
_gpsbo
801 1 _aRU
_bELAR
_2rusmarc
852 _aNLR
_jТ44 Г-5/636
942 _cBOOK
980 _aNB